000
00295nam a22001097a 4500
008
230620b xxu||||| |||| 00| 0 eng d
082
_a
320.09
_b
GER 1969
245
_a
Government and Politics in Kenya
260
_a
Kenya
_b
East African Publishing House
_c
1969
300
_a
XV,611p
942
_2
ddc
_c
BK
999
_c
1564
_d
1564